000 00507nam a2200193 4500
003 DO-SdBNP
005 20180216125205.0
008 161201b1999 sp||||| |||| 00| 0 spa d
020 _a8421635670
040 _aBPMSU
_bspa
_cBPMSU
100 _aDoumerc, Beatriz
245 _aEl elefante Ernesto /
_cBeatriz Doumerc
250 _a2 da. ed.
260 _aMadrid :
_bBruño ,
_c1999
300 _a22 p. :
_bil. :
_c22 cm
942 _2ddc
_cBK
945 _ainventariado, 2018 / dg
956 _adgarcia
999 _c12198
_d12198